[Event "Bergamo op"]
[Site "Bergamo"]
[Date "2007.11.23"]
[Round "7"]
[White "D'Angelo, Savino"]
[Black "Maggioni, Oliviero"]
[Result "1-0"]
[WhiteElo "1520"]
[BlackElo "1493"]
[PlyCount "83"]
[EventDate "2007.10.05"]
[EventType "swiss"]
[EventRounds "7"]
[EventCountry "ITA"]
[SourceTitle "EXT 2009"]
[Source "ChessBase"]
[SourceDate "2008.11.26"]
[SourceVersion "1"]
[SourceVersionDate "2008.11.26"]
[SourceQuality "1"]

1. d4 f5 2. c4 Nf6 3. Nf3 e6 4. g3 Be7 5. Bg2 c6 6. 0-0 0-0 7. Nc3 d6 8. Bg5 Nbd7 9. Re1 a6 10. e4 h6 11. Bxf6 Nxf6 12. e5 Nh7 13. exd6 Bxd6 14. d5 cxd5 15. cxd5 Re8 16. dxe6 Bxe6 17. Nd4 Bf7 18. Nxf5 Rxe1+ 19. Qxe1 Qc7 20. Nxd6 Qxd6 21. Rd1 Qb4 22. Qd2 Rb8 23. a3 Qb6 24. Qd6 Qxd6 25. Rxd6 b6 26. Bd5 Nf6 27. Bxf7+ Kxf7 28. Rc6 Rb7 29. h3 Ke7 30. Ne2 a5 31. f3 b5 32. b3 Kd7 33. Ra6 b4 34. Rxa5 Kd6 35. a4 Nd5 36. Kf2 Re7 37. Nd4 Nc3 38. Nf5+ Ke6 39. Nxe7 Kxe7 40. Ra7+ Kf6 41. a5 Nb5 42. Rb7 1-0

[Event "Bergamo Province-ch"]
[Site "Bergamo"]
[Date "2006.11.10"]
[Round "6"]
[White "Maggioni, Oliviero"]
[Black "Elsido, Massimo"]
[Result "0-1"]
[WhiteElo "1550"]
[BlackElo "1790"]
[PlyCount "80"]
[EventDate "2006.10.06"]
[EventType "swiss"]
[EventRounds "9"]
[EventCountry "ITA"]
[SourceTitle "EXT 2011"]
[Source "ChessBase"]
[SourceDate "2010.11.26"]
[SourceVersion "1"]
[SourceVersionDate "2010.11.26"]
[SourceQuality "1"]

1. e4 e5 2. Nf3 Nc6 3. c3 Nf6 4. d3 d5 5. exd5 Qxd5 6. h3 Be7 7. Be2 0-0 8. 0-0 Rd8 9. Be3 e4 10. c4 Qd7 11. dxe4 Qxd1 12. Rxd1 Rxd1+ 13. Bxd1 Nxe4 14. Nc3 Nxc3 15. bxc3 Be6 16. c5 Rd8 17. Bb3 Bf6 18. Nd4 Nxd4 19. cxd4 Bxd4 20. Rd1 Bf6 21. Rxd8+ Bxd8 22. Kf1 Bxb3 23. axb3 c6 24. Ke2 Bc7 25. Kd3 f5 26. f4 Kf7 27. g4 Ke6 28. Kc4 h6 29. b4 a6 30. Bd2 Bd8 31. Bc3 fxg4 32. hxg4 g6 33. Bg7 h5 34. gxh5 gxh5 35. Kd4 Bf6+ 36. Bxf6 Kxf6 37. Ke4 h4 38. Kf3 Kf5 39. Kg2 Kxf4 40. Kh3 Ke4 0-1

[Event "Bergamo Province-ch"]
[Site "Bergamo"]
[Date "2006.10.06"]
[Round "1"]
[White "Oteri, Aldo"]
[Black "Maggioni, Oliviero"]
[Result "1-0"]
[WhiteElo "1954"]
[BlackElo "1550"]
[PlyCount "59"]
[EventDate "2006.10.06"]
[EventType "swiss"]
[EventRounds "9"]
[EventCountry "ITA"]
[SourceTitle "EXT 2011"]
[Source "ChessBase"]
[SourceDate "2010.11.26"]
[SourceVersion "1"]
[SourceVersionDate "2010.11.26"]
[SourceQuality "1"]

1. e4 c5 2. Nf3 e6 3. d4 cxd4 4. Nxd4 Nc6 5. Nb5 d6 6. Nd2 a6 7. Nc3 Nf6 8. Nf3 Be7 9. Be2 h6 10. 0-0 0-0 11. h3 b5 12. a3 Bb7 13. Bf4 e5 14. Be3 Re8 15. Qd2 Rc8 16. Nh2 Na5 17. f3 Nc4 18. Bxc4 Rxc4 19. Rfd1 Qd7 20. Nd5 Nxd5 21. exd5 Rec8 22. c3 a5 23. Ng4 Kf8 24. Nf2 a4 25. Qd3 f5 26. g4 f4 27. Bb6 Kg8 28. Qg6 Bf6 29. Ne4 Qe8 30. Nxf6+ 1-0

[Event "Bergamo Province-ch"]
[Site "Bergamo"]
[Date "2005.11.11"]
[Round "6"]
[White "Riva, Carlo"]
[Black "Maggioni, Oliviero"]
[Result "1-0"]
[WhiteElo "1574"]
[BlackElo "1580"]
[PlyCount "60"]
[EventDate "2005.10.07"]
[EventType "swiss"]
[EventRounds "8"]
[EventCountry "ITA"]
[SourceTitle "EXT 2023"]
[Source "ChessBase"]
[SourceDate "2022.10.05"]
[SourceVersion "1"]
[SourceVersionDate "2022.10.05"]
[SourceQuality "1"]

1. e4 c5 2. Nf3 Nc6 3. d4 cxd4 4. Nxd4 a6 5. Nxc6 bxc6 6. c4 Nf6 7. Nc3 d6 8. Be2 Bd7 9. Be3 g6 10. Qc2 Bg7 11. f3 0-0 12. 0-0 Re8 13. Rad1 Qc7 14. Rd2 c5 15. Rfd1 Reb8 16. b3 Bc6 17. e5 Ne8 18. exd6 exd6 19. Bf4 Bd4+ 20. Kh1 Rd8 21. b4 Qb7 22. bxc5 dxc5 23. Be3 Qb6 24. Bxd4 Rxd4 25. Bd3 Nd6 26. Ne2 Re8 27. Nxd4 Nxc4 28. Bxc4 cxd4 29. Qb3 Qa7 30. Rxd4 Kf8 1-0

[Event "Bergamo Province-ch"]
[Site "Bergamo"]
[Date "2005.11.04"]
[Round "5"]
[White "Maggioni, Oliviero"]
[Black "Testa, Luigi"]
[Result "0-1"]
[WhiteElo "1580"]
[BlackElo "1542"]
[PlyCount "112"]
[EventDate "2005.10.07"]
[EventType "swiss"]
[EventRounds "8"]
[EventCountry "ITA"]
[SourceTitle "EXT 2023"]
[Source "ChessBase"]
[SourceDate "2022.10.05"]
[SourceVersion "1"]
[SourceVersionDate "2022.10.05"]
[SourceQuality "1"]

1. d4 d5 2. c4 e6 3. a3 Nf6 4. Bg5 Be7 5. Nc3 0-0 6. Nf3 h6 7. Bd2 c5 8. g3 cxd4 9. Nxd4 Nc6 10. e3 Nxd4 11. exd4 dxc4 12. Bxc4 Qxd4 13. Be2 Ne4 14. Nxe4 Qxe4 15. 0-0 Bf6 16. Bf3 Qd4 17. Rc1 Rd8 18. Bc3 Qc4 19. Qe1 Bxc3 20. bxc3 Rb8 21. Rb1 Rd7 22. Rb4 Qc7 23. Qe3 b6 24. c4 a5 25. Rb3 Ba6 26. Be2 Qc5 27. Qxc5 bxc5 28. Rfb1 Rxb3 29. Rxb3 Rd4 30. Rc3 e5 31. Kf1 f6 32. f3 Kf8 33. Kf2 Ke7 34. Ke3 f5 35. Bd3 f4+ 36. Ke2 g5 37. g4 Kf6 38. h3 a4 39. Kf2 Bc8 40. Be4 Rd2+ 41. Kg1 Bd7 42. Bd5 Be8 43. Rc1 Bg6 44. Rc3 Bc2 45. Bc6 Bb3 46. Rc1 Ra2 47. Rc3 Rxa3 48. Bxa4 Ra1+ 49. Kg2 Bxa4 50. Rd3 Rd1 51. Ra3 Rd2+ 52. Kg1 Bc6 53. Ra5 Bxf3 54. Rxc5 Rc2 55. Rb5 Rxc4 56. Rb6+ Rc6 0-1